[Event "SVR-op"]
[Site "Trier"]
[Date "2016.03.20"]
[Round "3"]
[White "Rauch, Soeren"]
[Black "Derlich, Manfred"]
[Result "0-1"]
[WhiteElo "1556"]
[BlackElo "1944"]
[PlyCount "80"]
[EventDate "2016.03.19"]
[EventType "swiss"]
[EventRounds "7"]
[EventCountry "GER"]
[SourceTitle "CBM 171 Extra"]
[Source "ChessBase"]
[SourceDate "2016.04.26"]
[SourceVersion "1"]
[SourceVersionDate "2016.04.26"]
[SourceQuality "1"]

1. e4 c5 2. Nf3 d6 3. d4 cxd4 4. Nxd4 Nf6 5. Nc3 a6 6. Bg5 e6 7. f4 Be7 8. Qf3 Qc7 9. 0-0-0 Nbd7 10. g4 b5 11. a3 Rb8 12. Kb1 b4 13. axb4 Rxb4 14. Na2 Rb8 15. Bxf6 Nxf6 16. g5 Nxe4 17. Qxe4 Bb7 18. Qe3 Bxh1 19. Bxa6 Bc6 20. Nxc6 Qxc6 21. Qa7 Qb6 22. Qxb6 Rxb6 23. Bd3 0-0 24. b4 d5 25. b5 Rc8 26. Kb2 Bd6 27. Rf1 Bc5 28. Kb3 Ra8 29. Nb4 Rab8 30. Na2 f6 31. Nc3 Bd4 32. Na4 Rxb5+ 33. Bxb5 Rxb5+ 34. Ka3 Kf8 35. Rd1 Bc5+ 36. Nxc5 Rxc5 37. Kb3 Rc4 38. Rf1 Ke7 39. c3 fxg5 40. f5 Rf4 0-1